Death in the country (Record no. 66702)

MARC details
000 -LEADER
fixed length control field 01243cam a2200265 4500
001 - CONTROL NUMBER
control field ABS63780
008 - FIXED-LENGTH DATA ELEMENTS--GENERAL INFORMATION
fixed length control field 000000n2001 000 0 eng u
035 ## - SYSTEM CONTROL NUMBER
System control number (Sirsi) u111933
100 ## - MAIN ENTRY--PERSONAL NAME
Personal name Hamson, L.
245 ## - TITLE STATEMENT
Title Death in the country
260 ## - PUBLICATION, DISTRIBUTION, ETC.
Date of publication, distribution, etc. 2001
490 ## - SERIES STATEMENT
Series statement Property Week
Volume/sequential designation 66(14) 6 April 2001, 74-78(5)
520 ## - SUMMARY, ETC.
Summary, etc. Special feature looking at the effect on rural suveying firms of the foot -and-mouth epidemic. Looks at the potential for redundancies. Also provides details of the effect on land values in infected areas. Predicts that marketing activity in the spring and summer will be minimal. Notes that not all rural businesses are suffering. Gives details of a number of retail companies in Kendal, for instance, that have seen profits increase. Looking to the future, predicts that the foot-and-mouth crisis will result in an increase in farm land supply, as many farmers will be forced to close up shop.
590 ## - LOCAL NOTE (RLIN)
Local note ABS
650 ## - SUBJECT ADDED ENTRY--TOPICAL TERM
Topical term or geographic name entry element FARM LAND PRICES
650 ## - SUBJECT ADDED ENTRY--TOPICAL TERM
Topical term or geographic name entry element LEISURE INDUSTRY
650 ## - SUBJECT ADDED ENTRY--TOPICAL TERM
Topical term or geographic name entry element RETAIL INDUSTRY
650 ## - SUBJECT ADDED ENTRY--TOPICAL TERM
Topical term or geographic name entry element RURAL SHOPS
650 ## - SUBJECT ADDED ENTRY--TOPICAL TERM
Topical term or geographic name entry element SURVEYING FIRMS
650 ## - SUBJECT ADDED ENTRY--TOPICAL TERM
Topical term or geographic name entry element FOOT-AND-MOUTH DISEASE
650 ## - SUBJECT ADDED ENTRY--TOPICAL TERM
Topical term or geographic name entry element REDUNDANCIES
650 ## - SUBJECT ADDED ENTRY--TOPICAL TERM
Topical term or geographic name entry element FORECASTS
690 ## - LOCAL SUBJECT ADDED ENTRY--TOPICAL TERM (OCLC, RLIN)
Topical term or geographic name as entry element Rural
9 (RLIN) 6268
942 ## - ADDED ENTRY ELEMENTS (KOHA)
Suppress in OPAC 0
Holdings
Withdrawn status Lost status Source of classification or shelving scheme Damaged status Not for loan Home library Current library Shelving location Date acquired Total Checkouts Full call number Barcode Date last seen Copy number Price effective from Koha item type
    Dewey Decimal Classification     London London Journal article 09/04/2001   ABS63780 111933-1001 06/08/2019 1 06/08/2019 Journal article